000 00565nam a2200193Ia 4500
005 20250326144907.0
008 250326s9999 xx 000 0 und d
020 _a978-0-7486-2796-7
037 _aTextbook
040 _aFMSL
_beng
_cFMSL
041 _aeng
_2eng
084 _aR3 P7
_qFMSL
100 _aAdkins Brent
_931841
245 0 _aDeath and desire :in hegel,heidegger and deleuze
_cAdkins Brent
260 _aEdinburgh
_bEdinburgh, Edinburgh University Press
_c2007
300 _aviii,223
942 _cTB
_hR3 P7
999 _c1305506
_d1305506